Countries Bordering France - Statistics

General Stats
  • This quiz has been taken 28 times
  • The average score is 7 of 8
Answer Stats
Length Answer % Correct
556km Belgium
96%
476km Italy
96%
69km Luxembourg
96%
656km Spain
96%
525km Switzerland
96%
418km Germany
93%
55km Andorra
89%
6km Monaco
85%
No matching quizzes found
Score Distribution
Percent of People with Each Score
Percentile by Number Answered
Your Score History
You have not taken this quiz